Loading...
| Current Events | 1 | 10.00 | 100% | 0% | 0% |
| Fine Arts - Classical Music | 3 | 3.33 | 67% | 0% | 0% |
| Fine Arts - Other Fine Arts | 3 | 10.00 | 100% | 0% | 0% |
| Fine Arts - Painting & Sculpture | 4 | 12.50 | 100% | 25% | 0% |
| Geography | 2 | 15.00 | 100% | 50% | 0% |
| History - American History | 3 | 6.67 | 67% | 0% | 0% |
| History - European History | 6 | 10.00 | 83% | 17% | 0% |
| History - Other History | 5 | 12.00 | 80% | 40% | 0% |
| History - World History | 2 | 10.00 | 50% | 0% | 50% |
| Literature - American Literature | 2 | 15.00 | 100% | 50% | 0% |
| Literature - British Literature | 2 | 10.00 | 100% | 0% | 0% |
| Literature - European Literature | 3 | 10.00 | 100% | 0% | 0% |
| Literature - World Literature | 1 | 10.00 | 100% | 0% | 0% |
| Mythology | 2 | 20.00 | 100% | 100% | 0% |
| Other Academic | 1 | 10.00 | 100% | 0% | 0% |
| Philosophy | 4 | 10.00 | 100% | 0% | 0% |
| Religion | 3 | 10.00 | 67% | 33% | 0% |
| Science - Biology | 4 | 7.50 | 50% | 25% | 0% |
| Science - Chemistry | 4 | 7.50 | 75% | 0% | 0% |
| Science - Other Science | 3 | 0.00 | 0% | 0% | 0% |
| Science - Physics | 2 | 10.00 | 100% | 0% | 0% |
| Social Science | 5 | 8.00 | 80% | 0% | 0% |